Lý thuyết thực tập công nghệ xử lý nước : Tài liệu hướng dẫn thực hành môn cấp thoát nước

Giáo trình trình bày các thí nghiệm trong việc xử lý nước như thí nghiệm quá trình sục khí, thí nghiệm lắng, thí nghiệm lọc,...

Na minha lista:
Detalhes bibliográficos
Autor principal: Lê, Hoàng Việt
Formato: Livro
Idioma:Undetermined
Publicado em: Cần Thơ Trường Đại học Cần Thơ 2006
Assuntos:
Tags: Adicionar Tag
Sem tags, seja o primeiro a adicionar uma tag!
Thư viện lưu trữ: Trung tâm Học liệu Trường Đại học Cần Thơ
LEADER 00954nam a2200217Ia 4500
001 CTU_143647
008 210402s9999 xx 000 0 und d
082 |a 628.1078 
082 |b V308 
100 |a Lê, Hoàng Việt 
245 0 |a Lý thuyết thực tập công nghệ xử lý nước : 
245 0 |b Tài liệu hướng dẫn thực hành môn cấp thoát nước 
245 0 |c Lê Hoàng Việt, Lê Ngọc Lân 
260 |a Cần Thơ 
260 |b Trường Đại học Cần Thơ 
260 |c 2006 
520 |a Giáo trình trình bày các thí nghiệm trong việc xử lý nước như thí nghiệm quá trình sục khí, thí nghiệm lắng, thí nghiệm lọc,... 
650 |a Water,Sewage,Nước 
650 |x Purification,Analysis,Sự lọc sạch 
904 |i Năm 
980 |a Trung tâm Học liệu Trường Đại học Cần Thơ